000 00866nam a2200229 c 4500
005 20200310120241.0
008 200310s2017 enk |||fr|||| 00| 0 eng d
020 _a9781138221628
040 _aCO-BoUCM
_bspa
_cDeissy Garcia
_dDeissy Garcia
041 0 _aeng
100 1 _aSchouenborg, Laust
_9100324
245 1 0 _aInternational institutions in world history
_bdivorcing international relations theory from the state and stage models
_cLaust Schouenborg
260 _bRoutledge
_c2017
_aLondres
300 _ax, 175 páginas
490 0 _aWorlding beyond the west
504 _aIncluye referencias bibliográficas e índices
650 1 7 _aRelaciones internacionales
_98042
650 1 7 _917767
_aInstituciones sociales
650 1 7 _aOrganismos internacionales
_920845
942 _cLIBRO
_2DEWEY
_a8
_e20
_h341.2
_mS376i
999 _c317113
_d317113